Religion in Grenada - Statistics

General Stats
  • This quiz has been taken 11 times
  • The average score is 5 of 7
Answer Stats
Percentage Religion % Correct
39.2% Catholicism
91%
1.3% Hinduism
91%
8.6% Other Christian
91%
48.8% Protestantism
91%
1.0% no religion
55%
0.4% other
36%
0.7% Rastafari
27%
No matching quizzes found
Score Distribution
Percent of People with Each Score
Percentile by Number Answered
Your Score History
You have not taken this quiz